[Event "Kostroma Autumn"]
[Site "Kostroma"]
[Date "2012.09.24"]
[Round "4"]
[White "Makarov, Viatcheslav"]
[Black "Mischuk, Dmitry"]
[Result "0-1"]
[WhiteElo "2047"]
[BlackElo "2341"]
[PlyCount "44"]
[EventDate "2012.09.22"]
[EventType "tourn"]
[EventRounds "9"]
[EventCountry "RUS"]
[SourceTitle "EXT 2013"]
[Source "ChessBase"]
[SourceDate "2012.11.22"]
[SourceVersion "1"]
[SourceVersionDate "2012.11.22"]
[SourceQuality "1"]

1. d4 Nf6 2. c4 g6 3. Nc3 d5 4. Bf4 Bg7 5. e3 0-0 6. Nf3 c5 7. Rc1 cxd4 8. Nxd4 a6 9. Be2 dxc4 10. Bxc4 Nh5 11. Bg3 Nxg3 12. hxg3 b5 13. Bb3 Ra7 14. Ne4 e5 15. Ne2 Rd7 16. Qc2 Qe7 17. f4 Bb7 18. Ng5 exf4 19. gxf4 Qxe3 20. Rxh7 Re8 21. Rh1 Qg3+ 22. Kf1 Qxg2+ 0-1

[Event "Kostroma Volga Cup op"]
[Site "Kostroma"]
[Date "2010.07.??"]
[Round "8"]
[White "Makarov, Viatcheslav"]
[Black "Tarasov, Alexandr"]
[Result "0-1"]
[WhiteElo "2082"]
[BlackElo "1748"]
[PlyCount "88"]
[EventDate "2010.07.??"]
[EventType "swiss"]
[EventRounds "9"]
[EventCountry "RUS"]
[SourceTitle "EXT 2011"]
[Source "ChessBase"]
[SourceDate "2010.11.26"]
[SourceVersion "1"]
[SourceVersionDate "2010.11.26"]
[SourceQuality "1"]

1. d4 Nf6 2. c4 e6 3. Nc3 Bb4 4. Bg5 h6 5. Bh4 b6 6. Qc2 Bb7 7. f3 0-0 8. e4 Be7 9. Bd3 d6 10. Nge2 Nbd7 11. 0-0-0 Rc8 12. g4 c5 13. Bf2 cxd4 14. Nxd4 Ne5 15. Qe2 Nxd3+ 16. Qxd3 Qc7 17. Ndb5 Qb8 18. h4 Nd7 19. f4 Nc5 20. Bxc5 dxc5 21. Qf3 a6 22. Na3 f5 23. gxf5 exf5 24. Nd5 Bxd5 25. cxd5 fxe4 26. Qe2 Qxf4+ 27. Kb1 b5 28. Nc2 Qf3 29. Qh2 Qf4 30. Qh3 Bf6 31. Qe6+ Kh8 32. Qxa6 Qe5 33. Qa3 b4 34. Qb3 c4 35. Qxb4 Rb8 36. Qa3 Rxb2+ 37. Kc1 Rfb8 38. Ne3 Rb1+ 39. Kd2 R8b2+ 40. Nc2 Qf4+ 41. Qe3 Rxc2+ 42. Kxc2 Qxe3 43. Kxb1 Qc3 44. Rh2 Qa1+ 0-1

[Event "Kostroma Volga Cup op"]
[Site "Kostroma"]
[Date "2009.07.??"]
[Round "6"]
[White "Zainullina, Nataliya"]
[Black "Makarov, Viatcheslav"]
[Result "1-0"]
[WhiteElo "2108"]
[BlackElo "2224"]
[PlyCount "83"]
[EventDate "2009.07.03"]
[EventType "swiss"]
[EventRounds "9"]
[EventCountry "RUS"]
[SourceTitle "EXT 2021"]
[Source "ChessBase"]
[SourceDate "2020.10.23"]
[SourceVersion "1"]
[SourceVersionDate "2020.10.23"]
[SourceQuality "1"]

1. e4 c5 2. Nf3 Nc6 3. d4 cxd4 4. Nxd4 d6 5. c4 Nf6 6. Nc3 g6 7. Be2 Bg7 8. Be3 Bd7 9. 0-0 0-0 10. f3 Ne8 11. Nd5 Nc7 12. Rc1 Ne6 13. Nxe6 fxe6 14. Nc3 b6 15. Qd2 Rf7 16. Rfd1 Qf8 17. c5 bxc5 18. Bxc5 Ne5 19. Be3 a6 20. b3 Kh8 21. f4 Nc6 22. Na4 e5 23. fxe5 Nxe5 24. Nb6 Rb8 25. Nxd7 Nxd7 26. Bxa6 Nf6 27. Bc4 Nxe4 28. Qd5 Rf4 29. Bxf4 Qxf4 30. Re1 Nd2 31. Kh1 Rf8 32. g3 Qh6 33. Rc2 Nf3 34. Rf1 Qe3 35. Rcf2 e6 36. Rxf3 exd5 37. Rxe3 dxc4 38. Rxf8+ Bxf8 39. bxc4 Kg7 40. a4 Kf6 41. a5 Bh6 42. Rd3 1-0